000 00893nam a2200253Ia 4500
003 OSt
005 20220923222505.0
006 a|||||r|||| 00| 0
007 ta
008 Pun
024 _a205,275
037 _cTextual
040 _aARTS
_cARTS
_bPun
041 _2Pun
_aPun
082 _aO153,1M76w, 152M8
100 _aनरुला, सुरिन्द्र सिंह; केलकर, रमेश, अनु.
_9166980
245 0 _aधनीराम चात्रिक
246 _aDhanīrām chātrika
260 _aनई दिल्ली
_b साहित्य अकादमी
_c1988
300 _a59पृ0
_ccm.
650 _aपंजाबी निबंध
942 _hO153,1M76w, 152M8
_cTEXL
_2CC
999 _c356000
_d356000